000 00358nam a22001217a 4500
003 SGT
082 _a920
_bM09S
100 _aसिन्हा, रविंद्र किशोर
245 _aमहामानव मृत्तुन्जय
260 _bश्री आनंद वन समाधि
_c2009
300 _a412
942 _2ddc
_cBK
999 _c32016
_d32016